| 000 | 01566nam a2200253Ia 4500 | ||
|---|---|---|---|
| 003 | Ost | ||
| 005 | 20260416102354.0 | ||
| 008 | 260416s9999||||xx |||||||||||||| ||und|| | ||
| 040 | _cfsecg | ||
| 041 | _aara | ||
| 082 | _a338.5 | ||
| 100 |
_aمحمدي، عز الدين _eمؤلف |
||
| 245 | 0 |
_a الإقتصاد الجزئي 1 و 2 لطلاب السنة الأولى / _c عز الدين محمدي |
|
| 260 |
_aالجزائر _bجامعة الجزائر3: كلية العلوم الإقتصادية، العلوم التجارية وعلوم التسيير _c2019 |
||
| 300 |
_a130 ورقة _bايضاحات _c30 سم |
||
| 520 | _aالاقتصاد الجزئي 01: تعريف علم الاقتصاد، النظرية العامة للطلب، دالة الطلب، نظرية العرض، المرونة، أشكال التدخل الحكومي في الاسواق، نظريات سلوك المستهلك. الاقتصاد الجزئي 02: مفهوم الانتاج وعناصره، عرض دالة الانتاج و مميزاتها، دالة الطلب على عناصر الانتاج، مرونات عوامل الانتاج، المنتج الرشيد، أسواق المنافسة | ||
| 653 | _aالاقتصاد الجزئي | ||
| 653 | _aالانتاج | ||
| 653 | _aالعرض و الطلب | ||
| 653 | _aالمستهلكون | ||
| 653 | _aالمنافسة | ||
| 710 |
_aجامعة الجزائر3: كلية العلوم الإقتصادية، العلوم التجارية وعلوم التسيير _eناشر علمي |
||
| 942 | _cHANDOUT | ||
| 999 |
_c41137 _d41137 |
||